[Event "BL2-Ost 1415"]
[Site "Germany"]
[Date "2014.12.07"]
[Round "6.4"]
[White "Enders, Peter"]
[Black "Wernert, Wilfrid"]
[Result "1-0"]
[WhiteElo "2466"]
[BlackElo "2342"]
[PlyCount "73"]
[EventDate "2014.10.18"]
[EventType "team-tourn"]
[EventRounds "10"]
[EventCountry "GER"]
[SourceTitle "CBM 166 Extra"]
[Source "ChessBase"]
[SourceDate "2015.06.18"]
[SourceVersion "1"]
[SourceVersionDate "2015.06.18"]
[SourceQuality "1"]
[WhiteTeam "Erfurt"]
[BlackTeam "Leipzig SG"]
[WhiteTeamCountry "GER"]
[BlackTeamCountry "GER"]

1. e4 e6 2. d4 d5 3. Nc3 Bb4 4. e5 Ne7 5. a3 Bxc3+ 6. bxc3 b6 7. Qg4 Ng6 8. h4 h5 9. Qg3 Ba6 10. Bxa6 Nxa6 11. Ne2 Nb8 12. Bg5 Qc8 13. f4 Nc6 14. 0-0 Rh7 15. Qd3 Nce7 16. Bxe7 Kxe7 17. g3 c5 18. f5 c4 19. Qe3 exf5 20. Qg5+ Ke8 21. Rxf5 Nf8 22. Raf1 Ne6 23. Qe3 g6 24. Rf6 Qd7 25. Nf4 Nxf4 26. R1xf4 Rc8 27. Rd6 Qe7 28. Rff6 Rd8 29. Qf3 Rxd6 30. Rxd6 Qb7 31. Qf6 Qe7 32. Rxd5 Qxf6 33. exf6 g5 34. Re5+ Kd8 35. hxg5 h4 36. Kh2 hxg3+ 37. Kxg3 1-0

[Event "BL2-Ost 1415"]
[Site "Germany"]
[Date "2014.10.19"]
[Round "2.4"]
[White "Wernert, Wilfrid"]
[Black "Suran, Jan"]
[Result "1/2-1/2"]
[WhiteElo "2342"]
[BlackElo "2379"]
[PlyCount "51"]
[EventDate "2014.10.18"]
[EventType "team-tourn"]
[EventRounds "10"]
[EventCountry "GER"]
[SourceTitle "CBM 166 Extra"]
[Source "ChessBase"]
[SourceDate "2015.06.18"]
[SourceVersion "1"]
[SourceVersionDate "2015.06.18"]
[SourceQuality "1"]
[WhiteTeam "Leipzig SG"]
[BlackTeam "Passau"]
[WhiteTeamCountry "GER"]
[BlackTeamCountry "GER"]

1. e4 c5 2. Nf3 Nc6 3. c3 d5 4. exd5 Qxd5 5. d4 Bf5 6. Be3 cxd4 7. cxd4 Bxb1 8. Rxb1 e6 9. a3 Nf6 10. Bd3 Be7 11. 0-0 0-0 12. Rc1 Rfd8 13. Bc4 Qh5 14. h3 Rac8 15. Ne5 Qxd1 16. Rfxd1 Nd5 17. Nxc6 Rxc6 18. Bxd5 exd5 19. Rxc6 bxc6 20. Rc1 Rc8 21. Rc3 Bd6 22. Rb3 Rb8 23. Rxb8+ Bxb8 24. a4 Kf8 25. Kf1 Ke7 26. Ke2 1/2-1/2

[Event "Oberliga Ost-A 1314"]
[Site "Germany"]
[Date "2014.03.16"]
[Round "9.2"]
[White "Osmanodja, Filiz"]
[Black "Wernert, Wilfrid"]
[Result "1/2-1/2"]
[WhiteElo "2290"]
[BlackElo "2352"]
[PlyCount "38"]
[EventDate "2013.10.13"]
[EventType "team-tourn"]
[EventRounds "11"]
[EventCountry "GER"]
[SourceTitle "EXT 2015"]
[Source "ChessBase"]
[SourceDate "2014.11.20"]
[SourceVersion "1"]
[SourceVersionDate "2014.11.20"]
[SourceQuality "1"]
[WhiteTeam "Dresden USV II"]
[BlackTeam "Leipzig SG II"]
[WhiteTeamCountry "GER"]
[BlackTeamCountry "GER"]

1. e4 e6 2. d4 d5 3. Nc3 Bb4 4. exd5 exd5 5. Bd3 Nf6 6. Bg5 0-0 7. Nge2 Re8 8. 0-0 c6 9. Ng3 h6 10. Bf4 Be6 11. Nce2 Nbd7 12. c3 Bf8 13. Qc2 c5 14. dxc5 Bxc5 15. Nd4 Bxd4 16. cxd4 Qb6 17. Qd2 Nf8 18. a4 Ng6 19. a5 Qxd4 1/2-1/2

[Event "BL2-Ost 1213"]
[Site "Germany"]
[Date "2013.02.24"]
[Round "7.2"]
[White "Wernert, Wilfrid"]
[Black "Graf, Felix"]
[Result "1-0"]
[WhiteElo "2370"]
[BlackElo "2449"]
[PlyCount "65"]
[EventDate "2012.10.14"]
[EventType "team-tourn"]
[EventRounds "9"]
[EventCountry "GER"]
[SourceTitle "CBM 154 Extra"]
[Source "ChessBase"]
[SourceDate "2013.06.25"]
[SourceVersion "2"]
[SourceVersionDate "2013.06.25"]
[SourceQuality "1"]
[WhiteTeam "Leipzig SG"]
[BlackTeam "Bayern Muenchen"]
[WhiteTeamCountry "GER"]
[BlackTeamCountry "GER"]

1. e4 e6 2. d4 d5 3. Nc3 Nf6 4. e5 Nfd7 5. Nce2 c5 6. c3 Be7 7. f4 0-0 8. Nf3 b5 9. a3 b4 10. axb4 cxb4 11. cxb4 Ba6 12. Nc3 Bxf1 13. Rxf1 Bxb4 14. Kf2 Nb6 15. Qd3 Nc6 16. Ng5 g6 17. Qh3 h5 18. Nxe6 Qe7 19. Nxf8 Nxd4 20. Be3 Nc2 21. Bxb6 Bc5+ 22. Bxc5 Qxc5+ 23. Ke2 Rb8 24. Rab1 Nd4+ 25. Ke1 Nc2+ 26. Kd2 Nb4 27. Nd7 Qd4+ 28. Ke2 Qc4+ 29. Kf2 Nd3+ 30. Kg1 Rxb2 31. Rxb2 Qxc3 32. Nf6+ Kg7 33. Nxd5 1-0

[Event "BL2-Ost 1213"]
[Site "Germany"]
[Date "2012.11.11"]
[Round "2.2"]
[White "Gajewski, Grzegorz"]
[Black "Wernert, Wilfrid"]
[Result "1-0"]
[WhiteElo "2628"]
[BlackElo "2370"]
[PlyCount "109"]
[EventDate "2012.10.14"]
[EventType "team-tourn"]
[EventRounds "9"]
[EventCountry "GER"]
[SourceTitle "CBM 154 Extra"]
[Source "ChessBase"]
[SourceDate "2013.06.25"]
[SourceVersion "2"]
[SourceVersionDate "2013.06.25"]
[SourceQuality "1"]
[WhiteTeam "Dresden TU"]
[BlackTeam "Leipzig SG"]
[WhiteTeamCountry "GER"]
[BlackTeamCountry "GER"]

1. d4 Nf6 2. c4 e6 3. Nc3 Bb4 4. Nf3 d5 5. cxd5 exd5 6. Bg5 h6 7. Bh4 g5 8. Bg3 Ne4 9. Nd2 Nxc3 10. bxc3 Bxc3 11. Rc1 Bxd2+ 12. Qxd2 c6 13. f3 Nd7 14. e4 Nb6 15. Be2 Be6 16. 0-0 Qe7 17. f4 dxe4 18. f5 Bd5 19. f6 Qd7 20. Qb4 Be6 21. d5 Nxd5 22. Qxe4 Kf8 23. h4 Qd8 24. Bf2 Kg8 25. Bd4 Qc7 26. Be5 Qb6+ 27. Rf2 Qe3 28. Qxe3 Nxe3 29. hxg5 hxg5 30. Rf3 Ng4 31. Bc3 Rd8 32. Rb1 b6 33. Rg3 Rh4 34. Rb4 c5 35. Rbxg4 Bxg4 36. Bxg4 Kf8 37. Be2 Rd5 38. Re3 Rd6 39. Bb5 Rd1+ 40. Kf2 Rd8 41. Be5 c4 42. Bc7 Rc8 43. Bd7 Ra8 44. g4 Rh6 45. Rf3 Kg8 46. Ke3 Kh8 47. Kd4 Rh1 48. Kd5 b5 49. Bxb5 Rc8 50. Kc6 Rg1 51. Kd7 Rxc7+ 52. Kxc7 Rxg4 53. Kb7 a5 54. Kb6 a4 55. Kc5 1-0

[Event "BL2-Ost 1112"]
[Site "Germany"]
[Date "2012.04.15"]
[Round "9.6"]
[White "Meissner, Bernd"]
[Black "Wernert, Wilfrid"]
[Result "1/2-1/2"]
[WhiteElo "2385"]
[BlackElo "2341"]
[PlyCount "86"]
[EventDate "2011.10.02"]
[EventType "team-tourn"]
[EventRounds "9"]
[EventCountry "GER"]
[SourceTitle "EXT 2015"]
[Source "ChessBase"]
[SourceDate "2014.11.20"]
[SourceVersion "1"]
[SourceVersionDate "2014.11.20"]
[SourceQuality "1"]
[WhiteTeam "Bayern Muenchen"]
[BlackTeam "Leipzig SG"]
[WhiteTeamCountry "GER"]
[BlackTeamCountry "GER"]

1. d4 Nf6 2. c4 e6 3. Nf3 c5 4. d5 exd5 5. cxd5 b5 6. a4 Qa5+ 7. Bd2 b4 8. Bg5 c4 9. Bxf6 gxf6 10. Qd4 Bb7 11. e4 c3 12. Bc4 Qb6 13. bxc3 bxc3 14. Nxc3 Bb4 15. Rc1 0-0 16. 0-0 Qxd4 17. Nxd4 Rc8 18. Nce2 Na6 19. Nf5 Ba3 20. Rc3 Bf8 21. d6 Kh8 22. f3 Nc5 23. Bxf7 Ba6 24. Rfc1 Nxa4 25. Rxc8 Rxc8 26. Ra1 Bxe2 27. Rxa4 a6 28. Ra3 Rc6 29. Rb3 Bb5 30. Bd5 Bxd6 31. Bxc6 Bc5+ 32. Kh1 dxc6 33. Rb1 a5 34. Rd1 h5 35. Rd8+ Kh7 36. f4 a4 37. Rd7+ Kg8 38. e5 fxe5 39. fxe5 Bc4 40. Nd6 Bd5 41. Ne8 Be6 42. Nf6+ Kf8 43. Nh7+ Kg8 1/2-1/2

[Event "BL2-Ost 1011"]
[Site "Germany"]
[Date "2011.03.20"]
[Round "8.3"]
[White "Seyb, Alexander"]
[Black "Wernert, Wilfrid"]
[Result "1/2-1/2"]
[WhiteElo "2294"]
[BlackElo "2352"]
[PlyCount "61"]
[EventDate "2010.10.10"]
[EventType "team-tourn"]
[EventRounds "9"]
[EventCountry "GER"]
[SourceTitle "EXT 2012"]
[Source "ChessBase"]
[SourceDate "2011.11.24"]
[SourceVersion "1"]
[SourceVersionDate "2011.11.24"]
[SourceQuality "1"]
[WhiteTeam "Forchheim"]
[BlackTeam "Leipzig Mitte"]
[WhiteTeamCountry "GER"]
[BlackTeamCountry "GER"]

1. e4 e5 2. Nf3 Nc6 3. Bb5 Nf6 4. 0-0 Bc5 5. Nxe5 Nxe4 6. Qe2 Nxe5 7. d4 Qe7 8. Qxe4 Nc6 9. Qxe7+ Bxe7 10. c3 0-0 11. Re1 Bf6 12. Bf4 d6 13. Nd2 Be6 14. Ne4 Bd8 15. Ng5 Bf5 16. Bc4 Ne7 17. Bb3 h6 18. Ne4 Ng6 19. Bg3 Re8 20. f3 Bh4 21. Bxh4 Nxh4 22. Ba4 Re6 23. Kf2 Kf8 24. g3 Ng6 25. Bd7 Rxe4 26. Bxf5 Rxe1 27. Rxe1 Ne7 28. Bd3 Rd8 29. h4 c5 30. dxc5 dxc5 31. Rd1 1/2-1/2

[Event "BL2-Ost 0910"]
[Site "Germany"]
[Date "2010.03.21"]
[Round "8.1"]
[White "Meijers, Viesturs"]
[Black "Wernert, Wilfrid"]
[Result "1/2-1/2"]
[WhiteElo "2471"]
[BlackElo "2365"]
[PlyCount "40"]
[EventDate "2009.10.18"]
[EventType "team-tourn"]
[EventRounds "9"]
[EventCountry "GER"]
[SourceTitle "EXT 2011"]
[Source "ChessBase"]
[SourceDate "2010.11.26"]
[SourceVersion "1"]
[SourceVersionDate "2010.11.26"]
[SourceQuality "1"]
[WhiteTeam "Aue Nickelhuette"]
[BlackTeam "Leipzig Mitte"]
[WhiteTeamCountry "GER"]
[BlackTeamCountry "GER"]

1. e4 e5 2. Nf3 Nc6 3. Bb5 Nf6 4. 0-0 Bc5 5. Nc3 0-0 6. Nxe5 Nd4 7. Be2 Re8 8. Nf3 Nxe4 9. Nxe4 Rxe4 10. Nxd4 Bxd4 11. Bf3 Re8 12. c3 Bf6 13. d4 d5 14. Qb3 c6 15. Bf4 Qb6 16. Qxb6 axb6 17. Rfe1 Bd7 18. a3 b5 19. h3 h6 20. Bg4 Bxg4 1/2-1/2

[Event "BL2-Ost 0910"]
[Site "Germany"]
[Date "2010.03.01"]
[Round "7.1"]
[White "Wernert, Wilfrid"]
[Black "Velicka, Petr"]
[Result "1/2-1/2"]
[WhiteElo "2365"]
[BlackElo "2480"]
[PlyCount "41"]
[EventDate "2009.10.18"]
[EventType "team-tourn"]
[EventRounds "9"]
[EventCountry "GER"]
[SourceTitle "EXT 2011"]
[Source "ChessBase"]
[SourceDate "2010.11.26"]
[SourceVersion "1"]
[SourceVersionDate "2010.11.26"]
[SourceQuality "1"]
[WhiteTeam "Leipzig Mitte"]
[BlackTeam "Passau"]
[WhiteTeamCountry "GER"]
[BlackTeamCountry "GER"]

1. e4 c6 2. d4 d5 3. exd5 cxd5 4. c4 Nf6 5. Nc3 e6 6. cxd5 Nxd5 7. Bc4 Bb4 8. Qd3 Nc6 9. Nf3 0-0 10. 0-0 Na5 11. Nxd5 exd5 12. Bb5 Bd7 13. Ne5 Nc6 14. Nxd7 Qxd7 15. Bf4 Bd6 16. Bxc6 Qxc6 17. Rac1 Qd7 18. Bxd6 Qxd6 19. Qb5 Rfd8 20. g3 Qb6 21. Qxb6 1/2-1/2

[Event "BL2-Ost 0809"]
[Site "Germany"]
[Date "2009.03.01"]
[Round "7.1"]
[White "Cvek, Robert"]
[Black "Wernert, Wilfrid"]
[Result "1/2-1/2"]
[WhiteElo "2530"]
[BlackElo "2365"]
[PlyCount "114"]
[EventDate "2008.10.05"]
[EventType "team-tourn"]
[EventRounds "9"]
[EventCountry "GER"]
[SourceTitle "CBM 129 Extra"]
[Source "ChessBase"]
[SourceDate "2009.05.05"]
[SourceVersion "2"]
[SourceVersionDate "2009.05.20"]
[SourceQuality "1"]
[WhiteTeam "Passau"]
[BlackTeam "Leipzig Lok"]
[WhiteTeamCountry "GER"]
[BlackTeamCountry "GER"]

1. Nf3 d5 2. e3 Nf6 3. c4 e6 4. b3 c5 5. Bb2 Nc6 6. cxd5 exd5 7. Be2 Bd6 8. 0-0 0-0 9. d4 Re8 10. dxc5 Bxc5 11. Nc3 a6 12. Na4 Ba7 13. Rc1 Ne4 14. Nd4 Qd6 15. Nxc6 bxc6 16. Qc2 Re6 17. Bd4 Rh6 18. g3 Bxd4 19. exd4 Bh3 20. Rfe1 Rf6 21. f4 Rxf4 22. Qxc6 Qxc6 23. Rxc6 Rf2 24. Bf1 Bxf1 25. Rxf1 Rxa2 26. Nb6 Rd8 27. Nxd5 Nd2 28. Rf2 Ra1+ 29. Kg2 Nxb3 30. Rc7 Nxd4 31. Ne7+ Kh8 32. Rd2 g6 33. Nc8 Ne6 34. Rxd8+ Nxd8 35. Nd6 Ra2+ 36. Kg1 Ne6 37. Re7 Ng5 38. h4 Rd2 39. Nc4 Nf3+ 40. Kf1 Nh2+ 41. Kg1 Nf3+ 42. Kf1 Rd4 43. Rxf7 Nd2+ 44. Nxd2 Rxd2 45. Ra7 Ra2 46. g4 h5 47. gxh5 gxh5 48. Rc7 Ra5 49. Ra7 Rf5+ 50. Ke2 a5 51. Ke3 Kg8 52. Ke4 Rb5 53. Kf4 Kf8 54. Rc7 Ke8 55. Kf3 Kd8 56. Ra7 Kc8 57. Rg7 Kd8 1/2-1/2

[Event "BL2-Ost 0809"]
[Site "Germany"]
[Date "2008.11.30"]
[Round "3.1"]
[White "Votava, Jan"]
[Black "Wernert, Wilfrid"]
[Result "1-0"]
[WhiteElo "2540"]
[BlackElo "2365"]
[PlyCount "91"]
[EventDate "2008.10.05"]
[EventType "team-tourn"]
[EventRounds "9"]
[EventCountry "GER"]
[SourceTitle "CBM 129 Extra"]
[Source "ChessBase"]
[SourceDate "2009.05.05"]
[SourceVersion "2"]
[SourceVersionDate "2009.05.20"]
[SourceQuality "1"]
[WhiteTeam "Erfurt"]
[BlackTeam "Leipzig Lok"]
[WhiteTeamCountry "GER"]
[BlackTeamCountry "GER"]

1. d4 d5 2. c4 Nc6 3. e3 e5 4. cxd5 Qxd5 5. Nc3 Bb4 6. Bd2 Bxc3 7. bxc3 Nge7 8. c4 Qd6 9. d5 Nb8 10. e4 0-0 11. Ne2 Na6 12. Nc3 f5 13. Be2 Qg6 14. 0-0 f4 15. Kh1 Nc5 16. f3 Qh5 17. Qe1 b6 18. Rg1 Rf6 19. g3 Nd3 20. g4 Qh3 21. Qf1 Qxf1 22. Bxf1 Nc5 23. g5 Rf7 24. h4 a6 25. Nd1 Ng6 26. h5 Nf8 27. Bc3 Re7 28. Nf2 a5 29. Bb2 Re8 30. Ba3 Ba6 31. Rc1 Nfd7 32. Bh3 Rad8 33. Rc2 Kf7 34. Bf5 g6 35. Bg4 Kg7 36. Kg2 Bc8 37. h6+ Kf7 38. Bxd7 Nxd7 39. c5 b5 40. Bb2 Nf8 41. Nd3 c6 42. Nxe5+ Rxe5 43. Bxe5 cxd5 44. Bf6 Rd7 45. c6 Rd6 46. e5 1-0

[Event "BL2-Ost 0708"]
[Site "Germany"]
[Date "2008.04.20"]
[Round "9.1"]
[White "Seils, Joerg"]
[Black "Wernert, Wilfrid"]
[Result "1/2-1/2"]
[WhiteElo "2386"]
[BlackElo "2353"]
[PlyCount "133"]
[EventDate "2007.10.21"]
[EventType "team-tourn"]
[EventRounds "9"]
[EventCountry "GER"]
[SourceTitle "EXT 2009"]
[Source "ChessBase"]
[SourceDate "2008.11.26"]
[SourceVersion "1"]
[SourceVersionDate "2008.11.26"]
[SourceQuality "1"]
[WhiteTeam "Berlin Rotation"]
[BlackTeam "Leipzig Mitte"]
[WhiteTeamCountry "GER"]
[BlackTeamCountry "GER"]

1. e4 e5 2. Nc3 Nf6 3. g3 d5 4. exd5 Nxd5 5. Bg2 Nxc3 6. bxc3 Bc5 7. Ne2 Nc6 8. 0-0 0-0 9. Rb1 Qd6 10. d4 Bb6 11. d5 Na5 12. Qd3 Bc5 13. c4 Qa6 14. Rb5 b6 15. Bb2 Bd7 16. Bxe5 Bxb5 17. cxb5 Qc8 18. d6 cxd6 19. Bxa8 dxe5 20. Bd5 Kh8 21. Kg2 Qd7 22. c4 f5 23. f4 e4 24. Qc3 Nb7 25. Nd4 Bxd4 26. Qxd4 Nc5 27. Rd1 h6 28. Bc6 Qxd4 29. Rxd4 g6 30. Rd6 Kg7 31. Kf2 Rf6 32. Rd8 Rf8 33. Rd5 Rf7 34. Ke3 Re7 35. Rd8 Ne6 36. Rd6 Nc5 37. Rd5 Na4 38. a3 Nc5 39. h3 Kf7 40. g4 Kf6 41. Rd6+ Kg7 42. Bd5 Rc7 43. gxf5 gxf5 44. h4 h5 45. Rd8 Kg6 46. Bc6 Re7 47. Rh8 Na4 48. Bd5 Nc5 49. Bc6 Ne6 50. a4 Nc5 51. Rg8+ Kf6 52. Rg5 Nxa4 53. Rxh5 Nb2 54. Bd5 Rg7 55. Rg5 Rc7 56. Kd4 Nd3 57. Ke3 Rh7 58. h5 Rh6 59. Bc6 Ne5 60. Be8 Nxc4+ 61. Kd4 Nd6 62. Bg6 Rh8 63. Ke3 Rh6 64. Kd4 Ke6 65. Ke3 Rh8 66. Kf2 Kd5 67. Ke3 1/2-1/2

[Event "BL2-Ost 0708"]
[Site "Germany"]
[Date "2007.12.09"]
[Round "4.1"]
[White "Wernert, Wilfrid"]
[Black "Velicka, Petr"]
[Result "1/2-1/2"]
[WhiteElo "2353"]
[BlackElo "2519"]
[PlyCount "61"]
[EventDate "2007.10.21"]
[EventType "team-tourn"]
[EventRounds "9"]
[EventCountry "GER"]
[SourceTitle "EXT 2009"]
[Source "ChessBase"]
[SourceDate "2008.11.26"]
[SourceVersion "1"]
[SourceVersionDate "2008.11.26"]
[SourceQuality "1"]
[WhiteTeam "Leipzig Mitte"]
[BlackTeam "Passau"]
[WhiteTeamCountry "GER"]
[BlackTeamCountry "GER"]

1. e4 d6 2. d4 Nf6 3. Nc3 c6 4. f4 Qa5 5. Bd3 d5 6. e5 Ne4 7. Bxe4 dxe4 8. Qe2 Na6 9. Nh3 Bxh3 10. gxh3 e6 11. 0-0 Qb6 12. Qxe4 0-0-0 13. Ne2 c5 14. c3 g6 15. Be3 Rd7 16. b3 Nc7 17. Bf2 Be7 18. b4 c4 19. a4 Nd5 20. Qf3 a6 21. Ng3 Qc7 22. Ne4 b6 23. Rfc1 Kd8 24. Bg3 Ke8 25. Qf2 Qd8 26. Qe2 Rc7 27. a5 b5 28. Qe3 Kd7 29. Ra2 h5 30. h4 Kc6 31. Ng5 1/2-1/2

[Event "BL2-Ost 0506"]
[Site "Germany"]
[Date "2006.04.02"]
[Round "9.5"]
[White "Tran, Phat"]
[Black "Wernert, Wilfrid"]
[Result "0-1"]
[WhiteElo "2330"]
[BlackElo "2333"]
[PlyCount "62"]
[EventDate "2005.10.23"]
[EventType "team-tourn"]
[EventRounds "9"]
[EventCountry "GER"]
[SourceTitle "EXT 2007"]
[Source "ChessBase"]
[SourceDate "2006.11.23"]
[SourceVersion "1"]
[SourceVersionDate "2006.11.23"]
[SourceQuality "1"]
[WhiteTeam "Nuernberg NT"]
[BlackTeam "Leipzig Lok Mitte"]
[WhiteTeamCountry "GER"]
[BlackTeamCountry "GER"]

1. d4 Nf6 2. c4 e6 3. Nc3 Bb4 4. e3 c5 5. Nf3 d5 6. Bd3 0-0 7. 0-0 Nc6 8. a3 Bxc3 9. bxc3 dxc4 10. Bxc4 Qc7 11. Qe2 e5 12. a4 Bg4 13. d5 e4 14. dxc6 Qxc6 15. Bb5 exf3 16. Qc2 Qe6 17. Re1 fxg2 18. Be2 Rad8 19. f3 Bh3 20. e4 Qe5 21. Rb1 b6 22. a5 Rd6 23. Bc4 Nh5 24. Be3 Nf4 25. axb6 axb6 26. Qf2 Nd3 27. Bxd3 Rxd3 28. Rxb6 Qxc3 29. Rb5 Rfd8 30. Rxc5 Qxe1+ 31. Qxe1 Rxe3 0-1

[Event "BL2-Ost 0506"]
[Site "Germany"]
[Date "2006.03.12"]
[Round "8.5"]
[White "Wernert, Wilfrid"]
[Black "Schenk, Alexander"]
[Result "1/2-1/2"]
[WhiteElo "2333"]
[BlackElo "2352"]
[PlyCount "128"]
[EventDate "2005.10.23"]
[EventType "team-tourn"]
[EventRounds "9"]
[EventCountry "GER"]
[SourceTitle "EXT 2007"]
[Source "ChessBase"]
[SourceDate "2006.11.23"]
[SourceVersion "1"]
[SourceVersionDate "2006.11.23"]
[SourceQuality "1"]
[WhiteTeam "Leipzig Lok Mitte"]
[BlackTeam "Chemnitz"]
[WhiteTeamCountry "GER"]
[BlackTeamCountry "GER"]

1. e4 e6 2. d4 d5 3. Nc3 Nf6 4. Bg5 Be7 5. e5 Nfd7 6. Bxe7 Qxe7 7. f4 0-0 8. Nf3 c5 9. dxc5 Nc6 10. Bd3 f6 11. exf6 Qxf6 12. g3 Nxc5 13. 0-0 Bd7 14. Qd2 Be8 15. Rae1 Bf7 16. Ne5 Nxe5 17. Rxe5 Nd7 18. Ree1 Nb6 19. Qe2 Rfe8 20. Qe5 Rac8 21. Nb5 Qxe5 22. fxe5 Re7 23. Nd6 Rcc7 24. Re2 a6 25. Ref2 h6 26. g4 Nc4 27. Bxc4 dxc4 28. h4 h5 29. Rf4 hxg4 30. Rxg4 Rc5 31. Rxc4 Rxc4 32. Nxc4 Bg6 33. c3 Rc7 34. Nd6 Rc5 35. Re1 b5 36. a3 Rd5 37. c4 bxc4 38. Nxc4 Rd4 39. Rc1 Rxh4 40. Nd6 Rd4 41. b4 Rd3 42. a4 Rb3 43. Rc4 Bd3 44. Rg4 Bf5 45. Rc4 Bd3 46. Rd4 Bc2 47. a5 Bd3 48. Nb7 Kf7 49. Nc5 Rb1+ 50. Kf2 Bb5 51. Rf4+ Ke7 52. Rg4 Kf7 53. Ne4 Kf8 54. Nd6 Bd3 55. Rf4+ Ke7 56. Rf7+ Kd8 57. Ke3 Bf1 58. Kd2 g5 59. Kc2 Re1 60. b5 Bxb5 61. Nxb5 axb5 62. a6 Ra1 63. a7 Kc8 64. Kb2 Ra4 1/2-1/2

[Event "BL2-Ost 0506"]
[Site "Germany"]
[Date "2005.12.11"]
[Round "4.4"]
[White "Hellmayr, Alois"]
[Black "Wernert, Wilfrid"]
[Result "0-1"]
[WhiteElo "2296"]
[BlackElo "2333"]
[PlyCount "146"]
[EventDate "2005.10.23"]
[EventType "team-tourn"]
[EventRounds "9"]
[EventCountry "GER"]
[SourceTitle "EXT 2007"]
[Source "ChessBase"]
[SourceDate "2006.11.23"]
[SourceVersion "1"]
[SourceVersionDate "2006.11.23"]
[SourceQuality "1"]
[WhiteTeam "Passau"]
[BlackTeam "Leipzig Lok Mitte"]
[WhiteTeamCountry "GER"]
[BlackTeamCountry "GER"]

1. Nf3 d5 2. b3 Nf6 3. Bb2 Bg4 4. e3 Nbd7 5. h3 Bh5 6. d3 h6 7. Nbd2 e6 8. Be2 Bg6 9. Ne5 Nxe5 10. Bxe5 Bd6 11. Nf3 0-0 12. 0-0 Qe7 13. Qd2 Nd7 14. Bxd6 cxd6 15. c4 dxc4 16. dxc4 Nf6 17. Rfd1 Rfd8 18. Qb4 Qc7 19. Rd2 a5 20. Qa3 Ne4 21. Rd4 e5 22. Rdd1 Nc3 23. Rd2 Nxe2+ 24. Rxe2 a4 25. Qb2 axb3 26. axb3 Rxa1+ 27. Qxa1 Qb6 28. Qa3 Be4 29. Rd2 f6 30. Ne1 d5 31. c5 Qb5 32. f3 Bg6 33. e4 d4 34. Nd3 Bf7 35. b4 Kh7 36. f4 Re8 37. fxe5 fxe5 38. Qa5 Qxa5 39. bxa5 Bc4 40. Kf2 Bxd3 41. Rxd3 Rc8 42. Rb3 Rxc5 43. Rxb7 Rxa5 44. Rb6 h5 45. h4 Ra2+ 46. Kf1 d3 47. Rd6 Ra4 48. Rxd3 Rxe4 49. g3 Kg6 50. Rf3 Ra4 51. Kg2 Ra6 52. Rf8 Rf6 53. Re8 Kf5 54. Kf3 g6 55. Re7 Rf8 56. Rg7 e4+ 57. Ke3 Rf6 58. Kf2 Kg4+ 59. Kg2 Ra6 60. Rf7 Ra2+ 61. Kf1 Kxg3 62. Rf6 Rh2 63. Rxg6+ Kf3 64. Rf6+ Ke3 65. Rf5 Rxh4 66. Ra5 Kf3 67. Rf5+ Rf4 68. Re5 Ke3+ 69. Ke1 h4 70. Rh5 Kf3 71. Rh8 Kg3 72. Ke2 h3 73. Ke3 Rg4 0-1

[Event "BL2-Ost 0405"]
[Site "Germany"]
[Date "2004.12.12"]
[Round "4.2"]
[White "Markos, Jan"]
[Black "Wernert, Wilfrid"]
[Result "0-1"]
[WhiteElo "2454"]
[BlackElo "2311"]
[PlyCount "66"]
[EventDate "2004.10.24"]
[EventType "team-tourn"]
[EventRounds "9"]
[EventCountry "GER"]
[SourceTitle "EXT 2007"]
[Source "ChessBase"]
[SourceDate "2006.11.23"]
[SourceVersion "1"]
[SourceVersionDate "2006.11.23"]
[SourceQuality "1"]
[WhiteTeam "Bindlach"]
[BlackTeam "Leipzig Mitte"]
[WhiteTeamCountry "GER"]
[BlackTeamCountry "GER"]

1. d4 Nf6 2. c4 e6 3. Nf3 d5 4. Nc3 Bb4 5. Bg5 dxc4 6. e3 b5 7. a4 c6 8. Be2 Bb7 9. 0-0 a6 10. Ne5 Nbd7 11. f4 Qc7 12. Bh5 Nxh5 13. Qxh5 Nxe5 14. fxe5 Bxc3 15. bxc3 h6 16. e4 Rf8 17. Bc1 c5 18. Ba3 b4 19. cxb4 cxd4 20. b5 axb5 21. Bd6 Qd7 22. axb5 Rxa1 23. Rxa1 Qxb5 24. Qh4 Qd7 25. Qf2 f5 26. Bxf8 Kxf8 27. exf5 exf5 28. Re1 c3 29. e6 Qd5 30. Rc1 d3 31. e7+ Ke8 32. Qg3 d2 33. Qg6+ Qf7 0-1

[Event "BL2-Ost 0405"]
[Site "Germany"]
[Date "2004.10.24"]
[Round "1.3"]
[White "Wernert, Wilfrid"]
[Black "Quast, Michael"]
[Result "1-0"]
[WhiteElo "2311"]
[BlackElo "2301"]
[PlyCount "53"]
[EventDate "2004.10.24"]
[EventType "team-tourn"]
[EventRounds "9"]
[EventCountry "GER"]
[SourceTitle "EXT 2007"]
[Source "ChessBase"]
[SourceDate "2006.11.23"]
[SourceVersion "1"]
[SourceVersionDate "2006.11.23"]
[SourceQuality "1"]
[WhiteTeam "Leipzig Mitte"]
[BlackTeam "Leipzig Gohlis"]
[WhiteTeamCountry "GER"]
[BlackTeamCountry "GER"]

1. e4 e5 2. Nf3 Nf6 3. d4 Nxe4 4. Bd3 d5 5. Nxe5 Nd7 6. Qe2 Nxe5 7. Bxe4 dxe4 8. Qxe4 Be6 9. dxe5 Bd5 10. Qg4 h5 11. Qh3 h4 12. Nc3 Be6 13. Qf3 h3 14. Qxb7 Rb8 15. Qc6+ Bd7 16. Qf3 Rb6 17. Nd5 hxg2 18. Rg1 Bc6 19. c4 Rh4 20. b3 Bb4+ 21. Ke2 Bxd5 22. cxd5 Qe7 23. Bb2 Qg5 24. Rad1 Qg6 25. Rxg2 Qc2+ 26. Kf1 Qxb2 27. Rxg7 1-0

[Event "Oberliga Ost-A 0304"]
[Site "Germany"]
[Date "2004.02.15"]
[Round "7.6"]
[White "Wernert, Wilfrid"]
[Black "Poenisch, Egmont"]
[Result "1/2-1/2"]
[WhiteElo "2330"]
[BlackElo "2116"]
[PlyCount "41"]
[EventDate "2003.11.02"]
[EventType "team-tourn"]
[EventRounds "11"]
[EventCountry "GER"]
[SourceTitle "EXT 2005"]
[Source "ChessBase"]
[SourceDate "2004.11.15"]
[SourceVersion "1"]
[SourceVersionDate "2004.11.15"]
[SourceQuality "1"]
[WhiteTeam "Leipzig Lok"]
[BlackTeam "Coswig"]
[WhiteTeamCountry "GER"]
[BlackTeamCountry "GER"]

1. e4 g6 2. d4 Bg7 3. Nc3 d6 4. f4 c6 5. Nf3 Na6 6. Be3 Nf6 7. Qd2 0-0 8. 0-0-0 Qa5 9. Kb1 Re8 10. h3 Be6 11. d5 cxd5 12. exd5 Bd7 13. g4 Rec8 14. Nd4 Nc5 15. Nb3 Nxb3 16. cxb3 a6 17. Bd4 Bf8 18. Bg2 b5 19. g5 Bf5+ 20. Ka1 Nd7 21. Rc1 1/2-1/2